Flags of WWII Allied Powers - Statistics

General Stats
  • This quiz has been taken 25 times
  • The average score is 19 of 24
Answer Stats
Picture Answer % Correct
United States
100%
Belgium
95%
Denmark
95%
France
95%
Norway
95%
Australia
91%
Brazil
91%
China
91%
Mexico
91%
Netherlands
91%
New Zealand
91%
Poland
91%
Soviet union
91%
Czechoslovakia
86%
Luxembourg
82%
Philippines
82%
Yugoslavia
82%
Mongolia
77%
Canada
59%
Ethiopia
59%
Greece
55%
South Africa
50%
Newfoundland
27%
Great Britian
14%
No matching quizzes found
Score Distribution
Percent of People with Each Score
Percentile by Number Answered
Your Score History
You have not taken this quiz